[Event "BL 2016-17"]
[Site "St. Veit/Glan"]
[Date "2017.03.24"]
[Round "6"]
[White "Ragger, Markus"]
[Black "Prohaszka, Peter"]
[Result "1/2-1/2"]
[WhiteElo "2681"]
[BlackElo "2594"]
[Annotator "TA"]
[PlyCount "60"]
[EventDate "2017.??.??"]
[EventType "team-tourn"]
[EventCountry "AUT"]
[SourceTitle "playchess.com"]
[Source "ChessBase"]
[SourceQuality "1"]
[WhiteTeam "Maria Saal"]
[BlackTeam "Wien-SK Ottakring"]

{[%evp 9,60,30,25,22,29,17,47,22,11,17,14,14,24,16,9,12,13,9,23,10,14,10,30,10,10,10,9,7,10,13,13,8,12,12,9,0,0,0,0,0,3,0,0,-1,0,0,0,0,0,0,12,0,56]} 1. d4 c6 2. c4 d5 3. Nf3 Nf6 4. e3 Bf5 5. Nc3 a6 6. Ne5 {D15: Slav Defence: 4 Nc3 a6 and gambit lines after 4 Nc3 dxc4} Nbd7 7. Qb3 Qc7 8. cxd5 {White is slightly better.} (8. Nxd7 $5 {creates asymmetry.} Qxd7 9. cxd5 Nxd5 10. Be2 e6 11. Bf3) 8... Nxe5 9. dxe5 Nxd5 10. Nxd5 cxd5 11. Bd2 Qxe5 12. Rc1 $146 (12. Bc3 Qc7 13. Qxd5 e6 {½-½ (33) So,W (2808)-Carlsen,M (2840) Wijk aan Zee 2017}) 12... Bd7 13. Bc3 Qc7 14. Qxd5 Bc6 15. Qg5 h6 16. Qg3 (16. Qg4 $5 {with more complications.} h5 17. Qg3 Rc8 18. f3 e6 19. Bd3) 16... Qxg3 {The position is equal.} 17. hxg3 e6 18. f4 f6 19. Kf2 Bd6 20. Be2 Ke7 21. Rhd1 Rhd8 22. Ba5 Rdc8 23. Rd2 Ba4 24. Bc3 a5 25. Bf3 Rc7 26. Bd1 Bxd1 27. Rcxd1 Bb4 28. Bxb4+ axb4 29. b3 f5 30. Kf3 Kf6 (30... h5 $11) 1/2-1/2

[Event "BL 2016-17"]
[Site "St. Veit/Glan"]
[Date "2017.03.24"]
[Round "6"]
[White "Volokitin, Andrei"]
[Black "Dizdar, Goran"]
[Result "1-0"]
[WhiteElo "2649"]
[BlackElo "2512"]
[Annotator "TA"]
[PlyCount "69"]
[EventDate "2017.??.??"]
[EventType "team-tourn"]
[EventCountry "AUT"]
[SourceTitle "playchess.com"]
[Source "ChessBase"]
[SourceQuality "1"]
[WhiteTeam "Jenbach"]
[BlackTeam "Absam"]

{[%evp 23,69,0,-8,-12,41,34,41,34,41,41,41,41,41,47,45,43,54,63,89,77,90,71,82,100,101,90,104,104,101,38,66,18,109,97,126,118,122,133,245,266,242,243,261,193,889,758,1322,1295]} 1. e4 e6 2. d4 d5 3. Nc3 Nf6 4. e5 Nfd7 5. f4 c5 6. Nf3 Nc6 7. Be3 a6 8. Qd2 cxd4 9. Nxd4 Bc5 10. O-O-O O-O 11. Qf2 Bxd4 12. Bxd4 b5 {LiveBook: 166 Games} 13. Be3 {C11: French: Classical System: 4 e5 and 4 Bg5 dxe4} b4 ({Better is} 13... Qa5 $11) (13... Qa5 14. Kb1 b4 15. Ne2 Qc7 16. Nd4 Nxd4 17. Bxd4 a5 18. Bb5 a4 19. b3 Ba6 20. Bxa4 Rfc8 {1-0 (74) So,W (2808)-Holt,C (2567) chess.com INT 2017}) 14. Na4 $14 a5 15. h4 {[%cal Bh2h4,Bh4h5,Bh5h6][%mdl 32] White is slightly better.} Ba6 16. h5 Qc7 17. h6 {And now hxg7 would win.} g6 18. g4 Bxf1 19. Rhxf1 (19. Rdxf1 Rac8 20. Bb6 Nxb6 21. Nxb6 b3 $1 {[%mdl 512]} 22. axb3 (22. Nxc8 $2 bxa2 23. Kd2 Rxc8 $19) 22... Nb4) ({But not} 19. Qxf1 Rac8 20. Rh2 f6 $15) 19... f5 20. exf6 Nxf6 21. Bb6 $146 Qb8 22. Qe2 Re8 23. f5 exf5 24. Qd2 {Black must now prevent g5.} Re5 25. gxf5 Ne4 26. Qg2 (26. Qe3 $16) 26... Qf8 27. Qh2 {aiming for fxg6.} Rxf5 (27... Qe7 $1 $11) 28. Rxf5 $16 Qxf5 29. Qc7 {[%csl Gh6][%cal Rc7g7]} Qg5+ 30. Kb1 {[%csl Gh6][%cal Rc7g7][%mdl 1024] White has strong compensation.} Qf6 {[#]} (30... Ne7 $16) 31. Qd7 $1 $18 {[%cal Rd7d5]} Ne7 {[#]} 32. Bd8 $1 $40 {[%cal Rd8e7][%mdl 128] White has strong attack.} Qf3 {[%cal Rf3d1]} 33. Rc1 Qf8 $2 (33... Qf7) 34. Bxe7 Qf7 35. Nb6 1-0

[Event "BL 2016-17"]
[Site "St. Veit/Glan"]
[Date "2017.03.24"]
[Round "6"]
[White "Lenic, Luka"]
[Black "Repka, Christopher"]
[Result "1-0"]
[WhiteElo "2640"]
[BlackElo "2455"]
[Annotator "TA"]
[PlyCount "63"]
[EventDate "2017.??.??"]
[EventType "team-tourn"]
[EventCountry "AUT"]
[SourceTitle "playchess.com"]
[Source "ChessBase"]
[SourceQuality "1"]
[WhiteTeam "Feffernitz"]
[BlackTeam "Bregenz"]

{[%evp 20,63,61,47,64,57,53,58,61,75,83,78,92,91,91,91,103,98,177,174,174,150,220,224,216,103,103,104,373,361,553,209,489,475,756,750,733,737,841,834,827,593,593,589,588,572]} 1. e4 e6 2. d4 d5 3. Nd2 Nf6 4. e5 Nfd7 5. Bd3 c5 6. c3 Nc6 7. Ne2 cxd4 8. cxd4 f6 9. exf6 Qxf6 10. Nf3 Bd6 11. O-O O-O {C06: French Tarrasch: 3...Nf6 4 e5 Nfd7 5 Bd3 main lines} 12. Bg5 (12. Be3 e5 13. dxe5 Ndxe5 14. Nxe5 Bxe5 15. Ng3 Be6 16. Rb1 g6 17. b4 Bd6 18. Qd2 Ne5 19. Be2 {½-½ (67) Vachier Lagrave,M (2788)-Caruana,F (2795) chess.com INT 2016}) 12... Qf7 13. Bh4 e5 {White is slightly better.} 14. Ng5 Qf6 {Threatens to win with ...e4.} 15. f4 $146 (15. Qb3 Nb6 16. g3 Qh6 17. dxe5 Nxe5 18. Be4 Bd7 19. Bxd5+ {0-1 (41) Sokolov,A (2580)-Maier,C (2380) France 1998}) 15... exf4 16. Bxh7+ Kh8 17. Bc2 {Strongly threatening Nxf4!} Qh6 18. Nf3 $1 Be7 (18... Nb6 $16) 19. Bxe7 $18 Nxe7 {[#]} 20. Qd2 $1 Nc6 (20... Nb6 $16 {keeps fighting.} 21. Qb4 (21. Ne5 f3 22. Qxh6+ gxh6 $16) 21... Bf5) 21. Rae1 b6 22. Ne5 (22. Nc3 $18 {and White stays clearly on top.}) 22... Ndxe5 $16 23. dxe5 {[%cal Re2f4]} g5 $2 {[%mdl 8192]} (23... Bf5 $16) 24. e6 $1 $18 {[%cal Be5e6,Be6e7][%mdl 32]} ({Weaker is} 24. Qxd5 Bg4 $16) 24... Qg7 (24... Bxe6 {might work better.} 25. Qc3+ Qf6) 25. Ba4 $2 (25. Qxd5 Nb4 26. Qxa8 Nxc2 {[#]} 27. Nxf4 $1 {[%mdl 512]}) 25... Ne5 $2 (25... Ne7 {was called for.} 26. Nd4 Ba6) 26. Nd4 {White is clearly winning.} ({Inferior is} 26. Qxd5 Bb7 27. Qd6 Rfd8 $14) 26... Ba6 {[#]} (26... Ng6 $142 27. Bc2 Ba6) 27. Rxe5 $1 {[%mdl 512]} Qxe5 28. Re1 Qf6 29. e7 Rfe8 30. Bxe8 Rxe8 31. Re6 Qf7 32. Qe1 1-0

[Event "BL 2016-17"]
[Site "St. Veit/Glan"]
[Date "2017.03.24"]
[Round "6"]
[White "Melkumyan, Hrant"]
[Black "Zilka, Stepan"]
[Result "1-0"]
[WhiteElo "2627"]
[BlackElo "2524"]
[Annotator "TA"]
[PlyCount "83"]
[EventDate "2017.??.??"]
[EventType "team-tourn"]
[EventCountry "AUT"]
[SourceTitle "playchess.com"]
[Source "ChessBase"]
[SourceQuality "1"]
[WhiteTeam "Wulkaprodersdorf"]
[BlackTeam "Nickelsdorf"]

{[%evp 26,83,22,29,47,35,37,34,54,1,68,77,59,40,78,18,31,9,27,36,84,88,77,85,79,84,93,75,112,87,89,91,97,110,113,116,128,118,109,83,156,162,313,308,306,305,309,314,364,370,356,74,368,366,660,633,554,540,1293,1282]} 1. d4 Nf6 2. c4 e6 3. Nc3 d5 4. cxd5 exd5 5. Bg5 c6 6. e3 Be7 7. Qc2 Nbd7 {[%cal Bb8d7,Bd7f8,Bf8g6][%mdl 32]} 8. Bd3 O-O 9. h3 Re8 10. Nf3 Nf8 11. Bf4 Ng6 12. Bh2 Bd6 13. Bxd6 Qxd6 14. O-O-O Bd7 {D36: Queen's Gambit Declined: Exchange Variation: Main line (5 Bg5 c6 6 Qc2)} 15. Kb1 Rac8 16. g4 Qe7 {White is slightly better.} 17. Nd2 (17. Rhg1 $14) (17. Rhe1 c5 18. g5 Nh5 19. Nxd5 Qd6 20. dxc5 Rxc5 21. Bxg6 Rxc2 22. Nf6+ Nxf6 23. Rxd6 Rxf2 24. gxf6 hxg6 25. Rxd7 Rxf3 26. Rxb7 gxf6 27. Rxa7 {½-½ (58) Dreev,A (2651)-Akobian,V (2645) chess.com INT 2017}) 17... c5 (17... Nh4 $1 $11) 18. dxc5 $14 Rxc5 19. Nb3 Ba4 $146 (19... Rcc8 20. Qe2 Bc6 21. Nd4 Ne5 22. Rc1 Ne4 23. Nxe4 dxe4 24. Nxc6 Nxc6 25. Bb5 Qf6 26. Rhd1 a6 27. Bxc6 Rxc6 28. Rxc6 Qxc6 29. Rd4 {½-½ (29) Spassov,L (2379)-Krivokapic,M (2418) Sunny Beach 2011}) 20. Bf5 (20. g5 $16 Nd7 21. h4) 20... Nh4 $11 21. g5 $36 {[%mdl 2048] White is more active.} Bxb3 (21... Qe5 $5 {seems wilder.} 22. f4 Qxf5 23. Qxf5 Nxf5 24. Nxa4 Rc4) 22. axb3 Ne4 23. Bxe4 $1 dxe4 {[#]} 24. Qxe4 $1 {[%mdl 512]} Qxe4+ 25. Nxe4 Rce5 26. Nd6 Rb8 27. Rhg1 $1 Nf3 28. Rg3 Nxg5 29. f4 $1 {[%csl LRe5,LRg5][%cal Bf2f4,Bf4e5,Be5e6][%mdl 32]} Ne4 30. fxe5 (30. Rxg7+ Kxg7 31. fxe5 Nxd6 32. exd6 Kf6 $14) 30... Nxg3 $16 {[%mdl 4096] Endgame KRN-KRN} 31. Rg1 $1 {[%cal Rg1g3]} Nh5 {[#]} 32. Rc1 $1 Ng3 (32... g5 $142) 33. Rc7 Nf1 $2 (33... h5 34. Kc2 (34. Nxf7 Nf5 35. Nd6 Nxe3 $18) (34. Rxf7 Ne4 $16) 34... a6 35. Rxf7 Ne4) 34. Rxf7 $18 (34. Nxf7 Nxe3 35. Nd6 Nd5 $16) 34... Nxe3 35. e6 (35. Rxb7 Rxb7 36. Nxb7 g5 $11) 35... Nd5 36. Nf5 Re8 37. Rxg7+ Kf8 38. Rf7+ ({Weaker is} 38. Rxb7 Rxe6 39. Rxa7 (39. Rxh7 Nb4 40. Kc1 Re2 $16) 39... Nb4 $16) 38... Kg8 39. Rd7 (39. Rxb7 Rxe6 40. Rxa7 Nb4 41. Rg7+ Kf8 $16) 39... Nf4 $2 (39... Rxe6 40. Rxd5 Kf7 41. Nd6+ Kg6 42. Nxb7 Re3 43. Rd6+ Kf5) 40. Nh6+ {White is clearly winning.} (40. Rxb7 Rxe6 41. Rg7+ (41. Rxa7 Nxh3 42. Rg7+ Kh8 $16) 41... Kf8 $16) 40... Kh8 {[#]} 41. e7 $1 {aiming for Rd8.} ({Less strong is} 41. Rxb7 Rxe6 42. Nf5 h5 $16) 41... Ne6 42. Nf7+ ({Not} 42. Rxb7 Kg7 $18) 1-0

[Event "BL 2016-17"]
[Site "St. Veit/Glan"]
[Date "2017.03.24"]
[Round "6"]
[White "Predojevic, Borki"]
[Black "Papp, Gabor"]
[Result "1-0"]
[WhiteElo "2611"]
[BlackElo "2579"]
[Annotator "TA"]
[PlyCount "77"]
[EventDate "2017.??.??"]
[EventType "team-tourn"]
[EventCountry "AUT"]
[SourceTitle "playchess.com"]
[Source "ChessBase"]
[SourceQuality "1"]
[WhiteTeam "Maria Saal"]
[BlackTeam "Wien-SK Ottakring"]

{[%evp 38,77,4,4,3,2,2,2,2,2,4,0,0,2,2,7,3,0,3,4,5,5,58,58,70,66,83,100,84,79,54,43,82,47,219,232,723,722,29977,29978,29978,29979]} 1. e4 e5 2. Nf3 Nc6 3. Bb5 a6 4. Ba4 Nf6 5. O-O Nxe4 6. d4 b5 7. Bb3 d5 8. dxe5 Be6 9. Qe2 Be7 10. Rd1 O-O 11. c4 bxc4 12. Bxc4 Bc5 13. Be3 Bxe3 14. Qxe3 Qb8 15. Bb3 Na5 {C81: Open Ruy Lopez: Keres Variation (9 Qe2)} 16. Nd4 c5 17. Nxe6 fxe6 18. f3 c4 19. fxe4 cxb3 20. exd5 {LiveBook: 4 Games} bxa2 21. Rxa2 Nc4 22. Qd4 Qb3 23. Nc3 Rac8 $146 24. Rb1 Ne3 25. Qxe3 Rxc3 $1 26. Qxc3 Qxa2 $11 {[%mdl 4096] Endgame KQR-KQR} 27. Rd1 exd5 28. Qd4 Rb8 29. Rc1 {Black should prevent e6.} Re8 (29... h6 $11) 30. h3 $14 h6 31. Kh2 $1 Qb3 32. Rc7 $36 {[%mdl 2048] White wants to mate with Qg4. White is really pushing.} Kh8 {[#]} 33. e6 $1 {[%csl Gc7][%cal Rd4g7,Be5e6,Be6e7][%mdl 544]} Rg8 (33... Rxe6 34. Qxg7#) 34. Rd7 {Threatens to win with Qe5.} Qb8+ $1 35. Kg1 {aiming for e7.} Qc8 $2 {[#]} (35... Qg3 $14) 36. Qe5 $1 $18 (36. Qxd5 Qc1+ 37. Kf2 (37. Kh2 Qf4+ 38. g3 Qf2+ 39. Qg2 Qe1 $16) 37... Qf4+ 38. Ke2 Qf6 $14) 36... Qc5+ $2 (36... Kh7 37. Kh2 (37. Qxd5 Qc1+ 38. Kh2 Qf4+ 39. g3 Qf2+ 40. Qg2 Qe1 $16) (37. Rxd5 Re8 $16) 37... d4) 37. Kh2 Qf2 38. e7 ({Weaker is} 38. Qxd5 Qf4+ 39. g3 Qf6 $14) 38... Qf7 39. Rd8 1-0

[Event "BL 2016-17"]
[Site "St. Veit/Glan"]
[Date "2017.03.24"]
[Round "6"]
[White "Banusz, Tamas"]
[Black "Buhmann, Rainer"]
[Result "1/2-1/2"]
[WhiteElo "2597"]
[BlackElo "2625"]
[Annotator "TA"]
[PlyCount "102"]
[EventDate "2017.??.??"]
[EventType "team-tourn"]
[EventCountry "AUT"]
[SourceTitle "playchess.com"]
[Source "ChessBase"]
[SourceQuality "1"]
[WhiteTeam "Wien-SK Ottakring"]
[BlackTeam "Maria Saal"]

{[%evp 17,102,24,14,0,0,0,0,0,0,0,0,0,0,0,0,-9,-9,-9,-9,-9,-6,-18,-14,-25,0,0,0,-37,-51,-62,-52,-100,-98,-104,-33,-37,-39,-65,-7,-11,-7,-183,-106,-334,-343,-312,-248,-297,-179,-199,-198,-195,-189,-166,-159,-215,-181,-208,-153,-179,-160,-215,-166,-208,-159,-162,-121,-126,-39,-54,-19,-99,0,0,0,0,0,0,0,0,0,0,0,0,0,0,0]} 1. d4 Nf6 2. c4 e6 3. Nf3 d5 4. g3 dxc4 5. Bg2 c5 6. O-O Nc6 7. Qa4 Bd7 8. Qxc4 cxd4 9. Nxd4 Rc8 10. Nxc6 {E04: Open Catalan: 5 Nf3} (10. Nc3 Qb6 11. Nxc6 Bxc6 12. Be3 Bc5 13. Bxc5 Bxg2 14. Bxb6 Rxc4 15. Kxg2 axb6 16. Rfd1 Ke7 17. Rd3 Rhc8 18. Rad1 b5 19. Nxb5 Rb4 20. Nd6 Rc2 21. b3 Nd5 22. a3 Rg4 23. Rxd5 {1-0 (23) Ragger,M (2680)-Bromberger,S (2535) Munich 2016}) 10... Bxc6 (10... bxc6 11. Nd2 $16) 11. Bxc6+ Rxc6 12. Qb3 Qc8 13. Be3 a6 14. Nd2 $146 (14. Nc3 Be7 15. Rac1 {½-½ (15) Obona,J (2215)-Lakatos,V (2067) Slovakia 2015}) 14... Bc5 15. Bxc5 Rxc5 16. Qa4+ b5 17. Qa5 O-O 18. Nb3 Rc2 19. Rac1 h5 20. Qb6 e5 21. Rfe1 h4 22. Qe3 Re8 23. Qg5 h3 {Strongly threatening ...Qb7!} 24. f3 a5 25. Qe3 a4 ({Black should play} 25... e4 $17 {And now ...exf3 would win.} 26. Nd4 Rc4) 26. Nc5 $15 Nd5 (26... Rxb2 $6 27. Qa3 Rd2 28. Ne4 $16) 27. Qf2 Rxb2 {[#]} (27... Rxc1 $1 $15 28. Rxc1 e4) 28. Nxa4 $1 $11 {[%mdl 512]} Rc2 $36 {[%mdl 2048] Black fights for an advantage.} ({Reject} 28... bxa4 $6 29. Rxc8 Rxc8 30. Qf1 $16) 29. Rxc2 $2 (29. Nb6 $11 {and White stays safe.} Nxb6 30. Rxc2 Qxc2 31. Qxb6) 29... Qxc2 $19 30. e4 $2 (30. Nc5 $17 {was the only defense.}) 30... Nb4 ({Not} 30... Qxa4 31. exd5 Qc4 32. d6 $17) 31. Nb2 Rc8 32. a3 Qxf2+ ({Don't go for} 32... Nd3 $2 33. Qxc2 Rxc2 34. Nxd3 $18) 33. Kxf2 {[%mdl 4096] Endgame KRN-KRN} Rc2+ $1 34. Re2 {[#]} Rxb2 $1 {[%mdl 512]} 35. axb4 (35. Rxb2 Nd3+) 35... Rxb4 {KR-KR} 36. Rc2 (36. f4 $17 {was called for.}) 36... Rb3 37. g4 b4 38. Rc8+ Kh7 39. Rb8 (39. Rc5 $17 {was necessary.}) 39... Kg6 40. Rb6+ Kg5 $1 {[%cal Rg5f4] Hoping for ...Kf4.} 41. Kg3 g6 42. Rb5 {[#]} f6 ({Black should try} 42... Kf6 $1 $17 43. Rb6+ Ke7 44. Rb7+ Ke6 45. Rb6+ Kd7) 43. Rb8 $15 Rb1 44. Rb5 {[#]} (44. Rb6 $1 $11) 44... b3 (44... Kh6 $1 $17 45. Kxh3 b3) 45. f4+ $1 $11 {The position is equal.} Kh6 46. fxe5 fxe5 47. Kxh3 b2 48. Kh4 g5+ 49. Kh3 Kg6 {aiming for ...Kf6.} 50. Kg2 Kf6 {Threatens to win with ...Kg7.} 51. Rb7 Kg6 1/2-1/2

[Event "BL 2016-17"]
[Site "St. Veit/Glan"]
[Date "2017.03.24"]
[Round "6"]
[White "Shengelia, David"]
[Black "Deglmann, Ludwig"]
[Result "1-0"]
[WhiteElo "2572"]
[BlackElo "2300"]
[Annotator "TA"]
[PlyCount "41"]
[EventDate "2017.??.??"]
[EventType "team-tourn"]
[EventCountry "AUT"]
[SourceTitle "playchess.com"]
[Source "ChessBase"]
[SourceQuality "1"]
[WhiteTeam "Jenbach"]
[BlackTeam "Absam"]

{[%evp 21,41,0,0,-14,20,-9,25,0,0,0,1,0,8,17,16,0,8,18,325,325,307,200]} 1. Nf3 c5 2. e3 Nf6 3. b3 g6 4. Bb2 Bg7 5. Be2 O-O 6. O-O Nc6 7. c4 d5 8. cxd5 Nxd5 9. Bxg7 Kxg7 10. Qc1 Qd6 {A30: Symmetrical English: Double Fianchetto and Hedgehog} 11. Nc3 b6 {LiveBook: 4 Games} 12. Nb5 (12. d4 cxd4 13. Nb5 Qf6 14. Nbxd4 Nxd4 15. Nxd4 Bb7 16. Qb2 Rac8 {½-½ (16) Meijers,V (2483)-Olszewski,M (2559) Nuremberg 2009}) 12... Qd7 $146 {The position is equal.} (12... Qf6 13. Bc4 Ba6 14. Re1 Bxb5 15. Bxb5 Rac8 {½-½ (15) Otero Martinez,D (2179)-Rodriguez,G (2028) Cali 2014}) 13. d4 cxd4 14. Nbxd4 Nxd4 15. Nxd4 Bb7 16. Rd1 {[%cal Bf1d1,Bd1d4,Bd4h4][%mdl 32]} Rfc8 17. Qb2 {[#] Nf5+ would kill now.} Kg8 18. Bc4 $40 {[%mdl 128] Black needs to defend precisely.} Qg4 {Strongly threatening ...Nc3!} 19. Nf3 Nc3 $2 {[%mdl 8192]} (19... Rc5 $1 $11 {and Black has nothing to worry.} 20. h3 Qf5) 20. Rd4 $18 Qh5 21. Rh4 1-0

[Event "BL 2016-17"]
[Site "St. Veit/Glan"]
[Date "2017.03.24"]
[Round "6"]
[White "Skoberne, Jure"]
[Black "Tuncer, Ufuk"]
[Result "1-0"]
[WhiteElo "2569"]
[BlackElo "2317"]
[Annotator "TA"]
[PlyCount "43"]
[EventDate "2017.??.??"]
[EventType "team-tourn"]
[EventCountry "AUT"]
[SourceTitle "playchess.com"]
[Source "ChessBase"]
[SourceQuality "1"]
[WhiteTeam "Feffernitz"]
[BlackTeam "Bregenz"]

{[%evp 18,43,29,31,74,28,57,62,66,64,79,73,73,16,133,137,144,139,205,195,198,185,239,231,251,202,259,210]} 1. Nf3 Nf6 2. g3 g6 3. b3 Bg7 4. Bb2 d6 5. d4 c5 6. c4 cxd4 7. Nxd4 O-O 8. Bg2 d5 {E60: King's Indian: Unusual lines and Fianchetto Variation without Nc3} 9. cxd5 Nxd5 10. O-O {LiveBook: 21 Games} Nb6 $146 {White is slightly better.} (10... Nb4 11. Na3 N8c6 12. Nxc6 Nxc6 13. Bxg7 Kxg7 14. Bxc6 bxc6 15. Rc1 {1-0 (79) Dreev,A (2664)-Vakhidov,J (2578) Almaty 2016}) 11. Qd2 e5 12. Nb5 {[%cal Bd4b5,Bb5c7,Bc7a6][%mdl 32] And now Qxd8 would win.} Qxd2 13. Nxd2 {Hoping for Nc7.} Rd8 14. Ne4 {Black must now prevent Nc7.} Nc6 15. Nc5 ({White should try} 15. Rad1 $16) 15... a6 (15... Bf8 $11 16. Rfc1 Rd2) 16. Nc7 $36 {[%mdl 2048] Black is under strong pressure.} Rb8 17. Rfd1 {aiming for Bxc6.} Bg4 {[#]} (17... Bf5 $16 {keeps fighting.}) 18. Bxc6 $1 $18 bxc6 {[#]} 19. f3 $1 {[%cal Rf3g4]} ({Much less strong is} 19. N7xa6 $6 Rxd1+ 20. Rxd1 Bxe2 $14) 19... Bd7 (19... Bh3 $142 20. N7xa6 (20. N5xa6 Rbc8 $14) 20... Ra8) 20. N7xa6 Ra8 21. e4 Be8 22. a4 1-0

[Event "BL 2016-17"]
[Site "St. Veit/Glan"]
[Date "2017.03.24"]
[Round "6"]
[White "Martinovic, Sasa"]
[Black "Sandhoefner, Florian"]
[Result "1/2-1/2"]
[WhiteElo "2553"]
[BlackElo "2255"]
[Annotator "TA"]
[PlyCount "145"]
[EventDate "2017.??.??"]
[EventType "team-tourn"]
[EventCountry "AUT"]
[SourceTitle "playchess.com"]
[Source "ChessBase"]
[SourceQuality "1"]
[WhiteTeam "Hohenems"]
[BlackTeam "St. Valentin"]

{[%evp 18,145,16,10,29,0,0,0,6,0,10,0,0,4,14,0,23,-28,-12,-31,124,115,162,151,148,160,145,127,406,341,324,316,320,337,314,323,339,332,318,331,357,347,345,340,460,450,499,393,404,414,413,397,391,342,379,371,386,372,384,378,350,356,341,253,259,210,210,211,203,262,262,260,261,261,229,234,182,100,106,47,70,22,53,0,0,0,0,0,0,0,22,22,22,22,22,0,0,0,0,0,0,0,0,0,0,0,0,0,0,0,0,0,0,0,0,0,0,0,0,0,0,0,0,0,0,0,0,0,0,0]} 1. d4 d5 2. c4 c6 3. Nc3 Nf6 4. e3 e6 5. Nf3 Nbd7 6. Qc2 Bd6 7. b3 O-O 8. Bb2 b6 9. Bd3 Bb7 10. O-O Rc8 {D45: Semi-Slav: 5 e3} (10... Qe7 11. Rad1 Rac8 12. Qb1 c5 13. cxd5 exd5 14. Bf5 Rcd8 15. Rfe1 Rfe8 16. Bh3 Ne4 17. dxc5 Ndxc5 18. Nb5 {1-0 (36) Karjakin,S (2785)-Lu,S (2627) Doha 2016}) 11. Rfd1 Qe7 12. Rac1 Rfd8 $146 (12... c5 13. cxd5 exd5 14. Bf5 Ne4 15. Qe2 Nxc3 16. Bxc3 {1-0 (50) Martinovic,S (2520)-Blazeka,M (2271) Croatia 2015}) 13. Qb1 a6 14. a4 Bb4 15. Ne2 h6 16. Ng3 c5 17. Qa1 ({White should try} 17. cxd5 Bxd5 18. Qc2 (18. Bxa6 Bxb3 19. Rd3 Ra8 $11)) 17... dxc4 (17... cxd4 $5 {feels hotter.} 18. Bxd4 Nc5 19. Bc2 dxc4 20. bxc4 Bxf3 21. gxf3 a5) 18. bxc4 Re8 $2 {[#]} (18... cxd4 $15 {stays ahead.} 19. exd4 Bxf3 20. gxf3 a5) 19. d5 $1 $16 {[%mdl 512]} exd5 20. cxd5 Bxd5 21. Bxa6 Ra8 22. Bb5 Red8 $2 {[%mdl 8192]} (22... Qe6 $16) 23. Bxd7 Rxd7 24. Bxf6 $1 Qxf6 (24... gxf6 25. Nh5 Rd6 26. Rxd5 $1 {[%mdl 512]} Rxa4 27. Qxa4 $18) 25. Qxf6 gxf6 26. Nh5 Bxf3 27. Nxf6+ (27. gxf3 Rxd1+ 28. Rxd1 Rxa4 $11) 27... Kg7 28. Rxd7 Bc6 29. Nh5+ Kg8 30. Rd6 Rc8 31. Rxh6 Rc7 32. Ng3 Ba5 33. Rc4 Bd7 34. Ne4 Be6 35. Rc1 c4 36. Kf1 c3 37. Rxe6 (37. Ng5 Bc4+ 38. Kg1 Bd5 $18) 37... fxe6 $18 {[%mdl 4096] Endgame KRB-KRN} 38. Ke2 Rc4 39. Kd3 Rxa4 40. Nxc3 Ra3 41. Kc4 Bxc3 42. Rxc3 {KR-KR} Ra2 43. e4 Rxf2 {[#]} 44. Rg3+ $1 Kh7 {[#]} 45. Kd4 $1 b5 46. Ke5 Re2 47. h4 (47. Kxe6 $6 Rxe4+ 48. Kf6 Rf4+ 49. Ke5 Rc4 $16) (47. Rg4 $18) 47... b4 $16 48. Kf4 (48. Kxe6 $6 Rxe4+ 49. Kf6 Rxh4 $11) ({Better is} 48. Rb3 $16) 48... Rf2+ 49. Kg4 ({Don't play} 49. Ke5 $6 Re2 50. Rb3 (50. Kxe6 Rxe4+ 51. Kf6 Rxh4 $11) 50... Rxg2 51. Rxb4 (51. Kxe6 Rh2 52. Rxb4 Rxh4 53. Rb7+ Kg8 $16) 51... Rh2 $16) 49... e5 50. Kh3 (50. Kg5 $14) 50... Rc2 {The position is equal.} 51. Rg5 Rc5 $1 52. Rf5 Kg7 ({Wrong is} 52... b3 $2 53. Rf7+ Kg6 54. Rb7 $18) 53. Rf2 b3 54. Rb2 Rc3+ 55. Kg4 Kf6 $1 56. Rf2+ Ke6 57. Rf8 Re3 58. Rb8 {And now Rb6+ would win.} Rxe4+ 59. Kg5 Re2 60. g4 b2 61. h5 {aiming for h6.} Rh2 62. h6 {Hoping for Kg6.} e4 63. Kf4 Rxh6 64. Rxb2 {Strongly threatening Rb6+.} Rf6+ 65. Kxe4 Kf7 66. Rb5 Kg6 67. Ra5 Rf1 68. Ke3 Rf6 69. Ke4 Rf1 70. Rf5 Re1+ 71. Kf4 Rf1+ 72. Ke5 Re1+ 73. Kd4 1/2-1/2

[Event "BL 2016-17"]
[Site "St. Veit/Glan"]
[Date "2017.03.24"]
[Round "6"]
[White "Antoniewski, Rafal"]
[Black "Kessler, Luca"]
[Result "1-0"]
[WhiteElo "2532"]
[BlackElo "2454"]
[Annotator "TA"]
[PlyCount "89"]
[EventDate "2017.??.??"]
[EventType "team-tourn"]
[EventCountry "AUT"]
[SourceTitle "playchess.com"]
[Source "ChessBase"]
[SourceQuality "1"]
[WhiteTeam "St. Veit"]
[BlackTeam "Götzis"]

{[%evp 16,89,0,0,0,0,0,0,0,-6,-4,-8,-8,-16,-8,-20,8,-50,0,0,0,0,0,0,0,0,48,54,47,48,54,54,318,293,311,316,317,309,324,325,306,316,322,315,405,324,332,339,330,314,402,398,393,348,403,366,362,335,614,605,722,719,692,425,418,410,411,402,559,570,683,682,674,681,681,671]} 1. e4 c6 2. d4 d5 3. e5 Bf5 4. h4 h5 5. Bd3 Bxd3 6. Qxd3 e6 7. Nf3 Qa5+ {B12: Caro-Kann: Advance Variation} 8. Nbd2 Qa6 (8... Ne7 9. O-O Nf5 10. c4 Be7 11. cxd5 cxd5 12. Nb3 Qa6 {1-0 (40) Riff,J (2499)-Roiz,M (2600) Berlin 2015}) 9. c4 {LiveBook: 6 Games} Ne7 {The position is equal.} 10. O-O Nd7 11. b3 Nf5 12. Bb2 $146 (12. a4 Be7 13. Ba3 c5 14. Qc2 cxd4 15. cxd5 Bxa3 16. Rxa3 {1-0 (32) Hecht,H (2485)-Reicher,E Wijk aan Zee 1973}) 12... Be7 13. g3 O-O 14. Qe2 g6 15. Rfe1 Nb6 16. a3 (16. a4 $11) 16... Rfd8 (16... dxc4 $5 {looks sharper.} 17. Nxc4 Rac8 18. Rec1 c5 19. a4 Nxc4 20. Qxc4 Qc6) 17. c5 {aiming for Qxa6.} Qxe2 18. Rxe2 Nd7 19. b4 a5 20. Ree1 b5 21. Nb3 {[%cal Bd2b3,Bb3a5,Ba5c6][%mdl 32]} axb4 22. axb4 Rdc8 23. Na5 Bd8 $2 {[%mdl 8192] [#]} (23... Ra6 $14) 24. Nxc6 $1 $18 {[%mdl 512]} Rxa1 (24... Rxc6 25. Rxa8) 25. Rxa1 Rxc6 26. Ra8 Kg7 27. Rxd8 Rc7 28. Re8 Ra7 29. Ne1 Rc7 30. Kg2 Ra7 31. Nd3 Rc7 32. Kf1 Rc6 33. Ke1 Rc7 34. Kd1 Kh7 35. Kd2 Kg7 36. Nf4 Kh7 $2 (36... Nf8 37. Rb8 Ne7 38. Rxb5 Nc6) 37. Ne2 Ng7 38. Ra8 Nf5 39. Ra5 Ne7 40. Rxb5 Nc6 41. Nc1 Ra7 42. Nb3 {White is clearly winning.} Kg7 43. Na5 Nxb4 44. Rxb4 Rxa5 45. c6 1-0